000 00767nam a2200217 a 4500
001 15236065
008 160920s2008 ||||||||||||||||| || u
010 _a2008013692
020 _a9781444706840
020 _a044657788X
050 _aPS 3563.E44B67
100 _aMeltzer, Brad
245 1 4 _aThe book of lies
_cBrad Meltzer.
250 _a1st ed.
260 _aLondon
_bHodder and Stoughton
_c2008
300 _ax, 387 p. : ill.
650 0 _aFamily secrets - Fiction
856 _uhttp://www.loc.gov/catdir/enhancements/fy0827/2008013692-d.html
856 _uhttp://www.loc.gov/catdir/enhancements/fy0827/2008013692-b.html
995 _FCBU-MAIN LIBRARY (Kitwe)
_M1
_UOUT
_WSep 20, 2016
_ZFiction Collection
999 _c36029
_d36029